00551nam a22001457a 4500082002700000100002200027245010500049260004500154300001400199526003700213650002900250942001200279999001900291952009500310 a628.1bPATcN-02,P-100 aPatel, A S951806 aWater management bConservation, harvesting and Artificial rechargec[by] A S Patel [and] D L Shah. aBanglore,bNew Age International,c2017. axii,331p. a0b0c0d628_100000000000000_PAT aWater Management 951807 2ddccBK c554355d554355 00102ddc4070aMCEbMCEd2020-06-23l0o628.1 PATpMCE-51434r2020-06-23w2020-06-23yBK